Paris A-Z - Statistics

General Stats
  • This quiz has been taken 17,461 times
  • The average score is 18 of 26
Answer Stats
Clue Answer % Correct
B Prison stormed in 1789 Bastille
94%
H The Ritz, for example Hotel
91%
M New York has the subway. London has the underground. Paris has the ... Metro
91%
U Company that taxi drivers protested against in 2016 Uber
88%
V Paris suburb known for its royal palace Versailles
88%
C Underground chambers which hold the remains of six million people Catacombs
86%
N The most famous person to be buried at Les Invalides Napoleon
82%
F Paris is one of the four "capitals" of this industry Fashion
81%
G Top soccer team in Ligue 1: Paris Saint-_______ Germain
81%
Q Name of the Hunchback of Notre Dame Quasimodo
81%
W Cole Porter: "I love Paris in the _____ when it drizzles" Winter
80%
Y Type of jersey won the by the leader in the Tour de France Yellow
79%
X Roman numerals that represent France's "Sun King" XIV
78%
I School of art practiced by Monet and Renoir {Impression}ism
77%
T What you can watch at Roland Garros Tennis
75%
O Type of pointy Egyptian pillar you can see at the Place de la Concorde Obelisk
73%
Z During WWI, this type of German airship bombed the city Zeppelin
68%
A Paris has 20 of these subdivisions Arrondissements
67%
E Also known as the "Age of Reason", this intellectual movement was centered in Paris Enlightenment
62%
S Another name for the University of Paris Sorbonne
58%
K What Madame Defarge did in her spare time in "A Tale of Two Cities" Knit
56%
P Former church was inspired by a famous Roman temple. Today, it houses the remains of Victor Hugo and Marie Curie. Panthéon
49%
J Revolutionary club founded by Maximilien Robespierre {Jacob}ins
46%
D District with skyscrapers just outside Paris: La _______ Défense
42%
L Paris's name in Roman times Lutetia
30%
R Street on which the Louvre is located: Rue de ______ Rivoli
27%
No matching quizzes found
Score Distribution
Percent of People with Each Score
Percentile by Number Answered
Your Score History
You have not taken this quiz